Comparative clinical study of patients with coexistent open angle glaucoma and cataract undergoing combined surgery by phacoemulsification and trabeculectomy (Mitomycin-C augmented) and phacoemulsification with ahmed glaucoma valve implantation (Record no. 871650)

MARC details
000 -LEADER
fixed length control field 01105nam a2200277Ia 4500
003 - CONTROL NUMBER IDENTIFIER
control field OSt
005 - DATE AND TIME OF LATEST TRANSACTION
control field 20220930081558.0
008 - FIXED-LENGTH DATA ELEMENTS--GENERAL INFORMATION
fixed length control field 220926b |||||||| |||| 00| 0 eng d
037 ## - SOURCE OF ACQUISITION
Terms of availability Theses
040 ## - CATALOGING SOURCE
Original cataloging agency CRL
Transcribing agency CRL
Language of cataloging eng
041 ## - LANGUAGE CODE
Source of code eng
Language code of text/sound track or separate title eng
100 ## - MAIN ENTRY--PERSONAL NAME
Personal name Menaria Swadhin
9 (RLIN) 541601
110 ## - MAIN ENTRY--CORPORATE NAME
Corporate name or jurisdiction name as entry element University of Delhi. Faculty of Medical Sciences. Department of Ophthalmology
9 (RLIN) 520086
245 #0 - TITLE STATEMENT
Title Comparative clinical study of patients with coexistent open angle glaucoma and cataract undergoing combined surgery by phacoemulsification and trabeculectomy (Mitomycin-C augmented) and phacoemulsification with ahmed glaucoma valve implantation
260 ## - PUBLICATION, DISTRIBUTION, ETC.
Date of publication, distribution, etc. 2009
300 ## - PHYSICAL DESCRIPTION
Extent 84p.
-- p.
Dimensions cm.
650 ## - SUBJECT ADDED ENTRY--TOPICAL TERM
Topical term or geographic name entry element EYE - DISEASES
9 (RLIN) 197938
700 ## - ADDED ENTRY--PERSONAL NAME
Personal name Dr. D. P. Vats Gu.
9 (RLIN) 536187
700 ## - ADDED ENTRY--PERSONAL NAME
Personal name Dr. Rakesh Maggon Gu.
9 (RLIN) 539951
700 ## - ADDED ENTRY--PERSONAL NAME
Personal name University of Delhi. Faculty of Medical Sciences. Department of Ophthalmology
9 (RLIN) 520088
942 ## - ADDED ENTRY ELEMENTS (KOHA)
Koha item type Dissertations
Source of classification or shelving scheme Colon Classification (CC)
Holdings
Withdrawn status Lost status Damaged status Not for loan Home library Current library Date acquired Total Checkouts Barcode Date last seen Price effective from Koha item type
        Central Library Central Library 2022-09-30   TH0017103 2022-09-30 2022-09-30 Thesis
Copyright @ Delhi University Library System